| 000 | 004980000a22001810004500 | ||
|---|---|---|---|
| 090 |
_aAR _b01348 |
||
| 245 | 1 | 0 | _aArtibeus of gray 1838 |
| 650 | 1 | 4 |
_aTaxonomía animal _98245 |
| 650 | 1 | 4 |
_aSinonímias _912989 |
| 650 | 1 | 4 |
_aMurciélagos _92659 |
| 650 | 1 | 4 |
_aRiqueza de especies _93326 |
| 651 | 4 |
_pAmérica del Sur _992749 |
|
| 653 | _gArtibeus | ||
| 041 | 0 | _aInglés | |
| 100 | 1 |
_aHandley, Charles O. _993068 |
|
| 942 | _cARTICULO | ||
| 773 | 1 |
_tAdvances in Neotropical Mammalogy _3491 _q443-468 _d1989 |
|
| 999 |
_c10433 _d10433 |
||